[Event "FISU World University"]
[Site "Tornelo INT"]
[Date "2020.10.28"]
[Round "9.3"]
[White "Nurzhanov, Timur"]
[Black "Zajic, Milan"]
[Result "0-1"]
[WhiteElo "2292"]
[BlackElo "2467"]
[PlyCount "80"]
[EventDate "2020.10.26"]
[EventType "team-swiss (rapid)"]
[EventRounds "9"]
[EventCountry "NET"]
[SourceTitle "CBM 199 Extra"]
[Source "ChessBase"]
[SourceDate "2021.01.31"]
[SourceVersion "1"]
[SourceVersionDate "2021.01.31"]
[SourceQuality "1"]
[WhiteTeam "Kazakhstan"]
[BlackTeam "Serbia"]
[WhiteTeamCountry "KAZ"]
[BlackTeamCountry "SRB"]

1. d4 Nf6 2. c4 e6 3. Nc3 Bb4 4. g3 c5 5. Nf3 0-0 6. Bg2 cxd4 7. Nxd4 d5 8. 0-0 e5 9. Nc2 Bxc3 10. bxc3 dxc4 11. Ba3 Re8 12. Ne3 Qa5 13. Nxc4 Qa6 14. Qb3 Be6 15. Bxb7 Bxc4 16. Qb2 Qe6 17. Bxa8 e4 18. Rad1 Nbd7 19. Bb7 Qh3 20. f3 Ne5 21. Rfe1 h5 22. Bd6 Ng6 23. Rd4 exf3 24. Bxf3 Ba6 25. c4 h4 26. e4 hxg3 27. hxg3 Nh4 28. Bh1 Nf5 29. Bg2 Qg4 30. Rd2 Nxd6 31. Rxd6 Qxg3 32. Rdd1 Ng4 33. Qe2 Qh2+ 34. Kf1 Qf4+ 35. Kg1 Re5 36. Rd3 Qh2+ 37. Kf1 Qf4+ 38. Kg1 Bxc4 39. Bh3 Bxd3 40. Qxg4 Rg5 0-1

[Event "FISU World University"]
[Site "Tornelo INT"]
[Date "2020.10.26"]
[Round "1.9"]
[White "Abylkasymov, Kairatbek"]
[Black "Nurzhanov, Timur"]
[Result "1-0"]
[WhiteElo "1827"]
[BlackElo "2292"]
[PlyCount "63"]
[EventDate "2020.10.26"]
[EventType "team-swiss (rapid)"]
[EventRounds "9"]
[EventCountry "NET"]
[SourceTitle "CBM 199 Extra"]
[Source "ChessBase"]
[SourceDate "2021.01.31"]
[SourceVersion "1"]
[SourceVersionDate "2021.01.31"]
[SourceQuality "1"]
[WhiteTeam "Kyrgyzstan"]
[BlackTeam "Kazakhstan"]
[WhiteTeamCountry "KGZ"]
[BlackTeamCountry "KAZ"]

1. e4 Nc6 2. Nf3 d6 3. d4 Nf6 4. Nc3 g6 5. Bb5 a6 6. Bxc6+ bxc6 7. 0-0 Bg7 8. e5 Nd5 9. Ne4 0-0 10. c4 Nb6 11. exd6 cxd6 12. b3 Bg4 13. Be3 f5 14. Neg5 f4 15. Bc1 h6 16. Ne4 c5 17. Bb2 Rc8 18. Qd3 d5 19. cxd5 Qxd5 20. Rad1 c4 21. bxc4 Nxc4 22. Ba1 Rfd8 23. Ned2 g5 24. Rfe1 e5 25. Nxc4 Rxc4 26. h3 e4 27. Qb3 exf3 28. hxg4 fxg2 29. Re7 f3 30. Rde1 Rcc8 31. Re8+ Kh7 32. Qd3+ 1-0

[Event "Asian-ch U18 Rapid"]
[Site "Chiangmai"]
[Date "2018.04.01"]
[Round "6.1"]
[White "Nurzhanov, Timur"]
[Black "Tran, Minh Thang"]
[Result "1/2-1/2"]
[WhiteElo "2229"]
[BlackElo "2353"]
[PlyCount "84"]
[EventDate "2018.04.01"]
[EventType "swiss (rapid)"]
[EventRounds "7"]
[EventCountry "THA"]
[SourceTitle "EXT 2024"]
[Source "ChessBase"]
[SourceDate "2023.10.10"]
[SourceVersion "1"]
[SourceVersionDate "2023.10.10"]
[SourceQuality "1"]

1. d4 d5 2. c4 c6 3. Nc3 Nf6 4. Nf3 a6 5. g3 Bf5 6. Bg2 e6 7. 0-0 h6 8. Qb3 b5 9. c5 a5 10. Bf4 a4 11. Qd1 g5 12. Be5 Nbd7 13. h3 Nxe5 14. Nxe5 Qc7 15. g4 Bh7 16. f4 Nd7 17. e4 Nxe5 18. fxe5 b4 19. exd5 bxc3 20. d6 Qd7 21. bxc3 Bg7 22. Qf3 Rc8 23. Qd1 Ra8 24. Rxf7 Kxf7 25. Qf3+ Kg8 26. Qxc6 Qxc6 27. Bxc6 Rb8 28. Bxa4 Be4 29. Bb3 Kh7 30. Re1 Bd5 31. Bxd5 exd5 32. c6 Rb6 33. c7 Rc6 34. Rb1 Rc8 35. Rb7 Rxc3 36. d7 Rc1+ 37. Kf2 Rf8+ 38. Ke2 Rff1 39. c8Q Rfe1+ 40. Kd3 Red1+ 41. Ke2 Re1+ 42. Kd3 Red1+ 1/2-1/2

[Event "World ol U16"]
[Site "Ahmedabad"]
[Date "2017.12.18"]
[Round "9.3"]
[White "Nurzhanov, Timur"]
[Black "Iniyan, Panneerseluam"]
[Result "0-1"]
[WhiteElo "2215"]
[BlackElo "2452"]
[PlyCount "78"]
[EventDate "2017.12.11"]
[EventType "team-swiss"]
[EventRounds "9"]
[EventCountry "IND"]
[SourceTitle "CBM 182 Extra"]
[Source "ChessBase"]
[SourceDate "2018.02.23"]
[SourceVersion "1"]
[SourceVersionDate "2018.02.23"]
[SourceQuality "1"]
[WhiteTeam "Kazakhstan"]
[BlackTeam "India Green"]
[WhiteTeamCountry "KAZ"]
[BlackTeamCountry "IND"]

1. d4 Nf6 2. c4 g6 3. Nc3 Bg7 4. e4 d6 5. Nf3 0-0 6. Be2 e5 7. d5 Na6 8. 0-0 Nc5 9. Qc2 a5 10. Bg5 h6 11. Be3 b6 12. Nd2 Bg4 13. Qd1 Qc8 14. a3 Bxe2 15. Qxe2 Nh5 16. g3 a4 17. Bxc5 bxc5 18. b4 axb3 19. Nxb3 f5 20. f3 Nf6 21. a4 h5 22. a5 h4 23. Qg2 Bh6 24. Rae1 Qd7 25. f4 hxg3 26. hxg3 Ng4 27. Qh3 Rf7 28. exf5 gxf5 29. Qh5 e4 30. Kg2 Bg7 31. Nb5 c6 32. dxc6 Qxc6 33. Kg1 d5 34. Nd2 Rxa5 35. Qg5 Ra2 36. Re2 e3 37. Nc3 Rxd2 38. Rxd2 exd2 39. Nxd5 Qe8 0-1

[Event "Wch U16"]
[Site "Montevideo"]
[Date "2017.09.25"]
[Round "10"]
[White "Chang, Pierre"]
[Black "Nurzhanov, Timur"]
[Result "0-1"]
[WhiteElo "1950"]
[BlackElo "2255"]
[PlyCount "66"]
[EventDate "2017.09.17"]
[EventType "swiss"]
[EventRounds "11"]
[EventCountry "URU"]
[SourceTitle "EXT 2018"]
[Source "ChessBase"]
[SourceDate "2017.10.13"]
[SourceVersion "1"]
[SourceVersionDate "2017.10.13"]
[SourceQuality "1"]

1. d4 Nf6 2. c4 e6 3. Nc3 d5 4. Bg5 Bb4 5. Nf3 h6 6. Bh4 g5 7. Bg3 Ne4 8. Qc2 h5 9. h4 g4 10. Ne5 Bxc3+ 11. bxc3 Nxg3 12. fxg3 Nd7 13. Nxd7 Bxd7 14. e4 Qe7 15. e5 0-0-0 16. Bd3 f6 17. exf6 Qxf6 18. Rf1 Qe7 19. 0-0-0 e5 20. cxd5 exd4 21. cxd4 Qe3+ 22. Kb1 Qxg3 23. Rf6 Kb8 24. Rdf1 Qxh4 25. Qc5 Qg3 26. Bc4 Rhe8 27. Rc1 Re1 28. d6 cxd6 29. Qb4 Rxc1+ 30. Kxc1 Qe3+ 31. Qd2 Qa3+ 32. Qb2 Qa5 33. Qb3 Qg5+ 0-1

[Event "Wch U16"]
[Site "Montevideo"]
[Date "2017.09.22"]
[Round "7"]
[White "Nurzhanov, Timur"]
[Black "Liang, Hairan"]
[Result "0-1"]
[WhiteElo "2255"]
[BlackElo "2131"]
[PlyCount "94"]
[EventDate "2017.09.17"]
[EventType "swiss"]
[EventRounds "11"]
[EventCountry "URU"]
[SourceTitle "CBM 180 Extra"]
[Source "ChessBase"]
[SourceDate "2017.10.06"]
[SourceVersion "1"]
[SourceVersionDate "2017.10.06"]
[SourceQuality "1"]

1. d4 Nf6 2. c4 e6 3. Nc3 Bb4 4. g3 Bxc3+ 5. bxc3 0-0 6. Bg2 d6 7. Nf3 Nc6 8. 0-0 Rb8 9. Re1 b6 10. e4 Ba6 11. Qa4 Na5 12. e5 Nd7 13. Ba3 Bxc4 14. exd6 c5 15. dxc5 bxc5 16. Rab1 Rxb1 17. Rxb1 Bxa2 18. Rb5 Nc4 19. Rxc5 Ncb6 20. Qxa7 Nxc5 21. Bxc5 Nd7 22. Nd4 Qg5 23. Ba3 Qd2 24. Bf1 Qd1 25. Qa6 Ne5 26. Qe2 Qxe2 27. Bxe2 Ra8 28. Bb4 Bd5 29. f4 Nc6 30. Nxc6 Bxc6 31. Kf2 f6 32. f5 Kf7 33. Ke3 exf5 34. Kd4 Ke6 35. Kc5 Kd7 36. h4 Rc8 37. Kd4 Re8 38. Bd3 Be4 39. Ba6 Bc6 40. Bd3 g6 41. h5 Re5 42. c4 f4 43. h6 fxg3 44. Bxg6 g2 45. Kc3 g1Q 46. Bxh7 Qa1+ 47. Kd2 Qe1+ 0-1

[Event "Pavlodar op"]
[Site "Pavlodar"]
[Date "2016.11.24"]
[Round "5"]
[White "Nurzhanov, Timur"]
[Black "Khegay, Dmitriy"]
[Result "0-1"]
[WhiteElo "2169"]
[BlackElo "2485"]
[PlyCount "82"]
[EventDate "2016.11.21"]
[EventType "swiss"]
[EventRounds "10"]
[EventCountry "KAZ"]
[SourceTitle "EXT 2018"]
[Source "ChessBase"]
[SourceDate "2017.10.13"]
[SourceVersion "1"]
[SourceVersionDate "2017.10.13"]
[SourceQuality "1"]

1. d4 d6 2. c4 e5 3. Nf3 e4 4. Nfd2 f5 5. Nc3 Nf6 6. Nb3 Be7 7. Bg5 0-0 8. e3 c6 9. Be2 Be6 10. 0-0 Bf7 11. d5 Nxd5 12. Bxe7 Nxe7 13. Qd2 Qc7 14. Rad1 Rd8 15. g4 Na6 16. gxf5 Nxf5 17. Nd4 Nh4 18. Nxe4 d5 19. Ng5 Qe7 20. Nxf7 Qxf7 21. Qc2 Nb4 22. Qb1 dxc4 23. Qe4 Ng6 24. Qe6 Nd3 25. b3 Ngf4 26. Qxf7+ Kxf7 27. bxc4 Rxd4 28. exf4 Rad8 29. Rb1 b6 30. Bxd3 Rxd3 31. Rb3 R3d4 32. Ra3 R8d7 33. c5 b5 34. Ra6 Rc7 35. f5 Rg4+ 36. Kh1 Rf4 37. a4 b4 38. Rb1 Kf6 39. Kg2 Kxf5 40. f3 Ke5 41. Kg3 Rc4 0-1

[Event "Wch U16"]
[Site "Khanty-Mansiysk"]
[Date "2016.10.01"]
[Round "9"]
[White "Nurzhanov, Timur"]
[Black "Lodici, Lorenzo"]
[Result "1-0"]
[WhiteElo "2087"]
[BlackElo "2359"]
[PlyCount "77"]
[EventDate "2016.09.22"]
[EventType "swiss"]
[EventRounds "11"]
[EventCountry "RUS"]
[SourceTitle "EXT 2017"]
[Source "ChessBase"]
[SourceDate "2016.10.25"]
[SourceVersion "1"]
[SourceVersionDate "2016.10.25"]
[SourceQuality "1"]

1. d4 f5 2. Bg5 g6 3. h4 Nh6 4. Nf3 Nf7 5. Bf4 Bg7 6. e3 d6 7. Bc4 d5 8. Bd3 c5 9. c4 cxd4 10. exd4 0-0 11. 0-0 Nc6 12. cxd5 Qxd5 13. Nc3 Qd8 14. d5 Nce5 15. Bc2 Nc4 16. Bb3 Na5 17. Nb5 Nd6 18. Nbd4 Qb6 19. Be5 Nxb3 20. axb3 Bxe5 21. Nxe5 Qc5 22. Ndf3 Ne4 23. Rc1 Qd6 24. Qd4 Rd8 25. Rfd1 Nf6 26. Ng5 Qb6 27. Qc4 Qa6 28. Qb4 Qd6 29. Qd4 Qb6 30. Rc5 Rf8 31. b4 h6 32. Nxg6 hxg5 33. hxg5 Rf7 34. gxf6 exf6 35. d6 Bd7 36. Qh4 Kg7 37. Rd3 Bb5 38. Rg3 Qxd6 39. Rxb5 1-0

[Event "Wch U16"]
[Site "Khanty-Mansiysk"]
[Date "2016.09.30"]
[Round "8"]
[White "Fakhrutdinov, Timur"]
[Black "Nurzhanov, Timur"]
[Result "1-0"]
[WhiteElo "2419"]
[BlackElo "2087"]
[PlyCount "81"]
[EventDate "2016.09.22"]
[EventType "swiss"]
[EventRounds "11"]
[EventCountry "RUS"]
[SourceTitle "EXT 2017"]
[Source "ChessBase"]
[SourceDate "2016.10.25"]
[SourceVersion "1"]
[SourceVersionDate "2016.10.25"]
[SourceQuality "1"]

1. e4 d6 2. d4 c6 3. Nc3 Qa5 4. Nf3 Nf6 5. Bd2 e5 6. Bc4 Bg4 7. dxe5 dxe5 8. h3 Bxf3 9. Qxf3 Qc7 10. g4 h6 11. 0-0-0 b5 12. Bb3 Nbd7 13. h4 a5 14. a4 b4 15. Ne2 Nc5 16. Be3 h5 17. Bxc5 Bxc5 18. gxh5 Nxh5 19. Rhg1 g6 20. Rg5 Rf8 21. Qd3 Ke7 22. Qc4 Bxf2 23. Rxg6 Nf6 24. Rg7 Ke8 25. Qd3 Rd8 26. Bxf7+ Rxf7 27. Qxd8+ Qxd8 28. Rxd8+ Kxd8 29. Rxf7 Bxh4 30. Ra7 Nxe4 31. Rxa5 Bf6 32. Ra7 Nc5 33. b3 Be7 34. Ra8+ Kd7 35. Rg8 Ke6 36. Kd1 Bd6 37. Rg6+ Kd5 38. c4+ bxc3 39. Nxc3+ Kd4 40. Rxd6+ Kxc3 41. Rxc6 1-0

[Event "Wch U16"]
[Site "Khanty-Mansiysk"]
[Date "2016.09.29"]
[Round "7"]
[White "Nurzhanov, Timur"]
[Black "Gazik, Viktor"]
[Result "1-0"]
[WhiteElo "2087"]
[BlackElo "2429"]
[PlyCount "38"]
[EventDate "2016.09.22"]
[EventType "swiss"]
[EventRounds "11"]
[EventCountry "RUS"]
[SourceTitle "EXT 2017"]
[Source "ChessBase"]
[SourceDate "2016.10.25"]
[SourceVersion "1"]
[SourceVersionDate "2016.10.25"]
[SourceQuality "1"]

1. d4 Nf6 2. c4 g6 3. Nc3 Bg7 4. e4 0-0 5. f4 d6 6. Nf3 Na6 7. Bd3 Bg4 8. h3 Bxf3 9. Qxf3 Nd7 10. Be3 e5 11. dxe5 dxe5 12. f5 Bh6 13. 0-0 Bxe3+ 14. Qxe3 c6 15. Rad1 f6 16. fxg6 hxg6 17. c5 Naxc5 18. Qh6 Nxd3 19. Rxd3 Rf7 1-0